| 000 | 01194nam a2200217 a 4500 | ||
|---|---|---|---|
| 008 | 120416s1984 ||||||||||||||||| || u | ||
| 020 | _a0262121069 | ||
| 050 | _aNA 2540.5 Lyn | ||
| 100 | _aLynch, Kevin | ||
| 245 | 1 | 0 | _aSite planning; (3rd ed.) |
| 250 | _a3rd ed. | ||
| 260 |
_aCambridge: _bMIT Press _c1984 |
||
| 300 | _avii, 499p. : ill. | ||
| 350 | _a0.00 | ||
| 650 | _aBUILDING SITES--PLANNING | ||
| 995 |
_aTEXTBOOKS (SBE) _D0.00 _e20639 _FCBU-SCHOOL TEXTBOOK COLLECTIONS _H1 _I0.00 _jSCHOOL TEXTBOOK _M5 _UAVAILABLE _WNov 25, 2008 _y20639 _ZSchool Collections |
||
| 995 |
_aTEXTBOOKS (SBE) _D0.00 _e20606 _FCBU-SCHOOL TEXTBOOK COLLECTIONS _H1 _I0.00 _jSCHOOL TEXTBOOK _M3 _UAVAILABLE _WNov 25, 2008 _y20606 _ZSchool Collections |
||
| 995 |
_aTEXTBOOKS (SBE) _D0.00 _e20608 _FCBU-SCHOOL TEXTBOOK COLLECTIONS _H1 _I0.00 _jSCHOOL TEXTBOOK _M2 _UAVAILABLE _WNov 25, 2008 _y20608 _ZSchool Collections |
||
| 995 |
_aBINDERY (DAMAGED) _D0.00 _e712110 _FCBU-MAIN LIBRARY (Kitwe) _H1 _I0.00 _jNA 2540.5 Lyn _M1 _UDAMAGED _y010197 _ZMain Library Open Access Collection |
||
| 995 |
_aTEXTBOOKS (SBE) _D0.00 _e20630 _FCBU-SCHOOL TEXTBOOK COLLECTIONS _H1 _I0.00 _jSCHOOL TEXTBOOK _M4 _UAVAILABLE _WNov 25, 2008 _y20630 _ZSchool Collections |
||
| 999 |
_c76522 _d76522 |
||